Rivers on a Map (A-Z) Quiz Stats

 Plays Quiz Updated Jul 29, 2014

Support Sporcle.
Go Orange.
Score 0/25 Timer 06:00
11 Plays Today
% Correct
Amazon
98.8%
Mississippi
88.3%
Danube
86.6%
Nile
85%
Rhine
81.3%
Ganges
79.3%
Congo
77.1%
Seine
74.9%
Euphrates
67.2%
Jordan
66.9%
Yangtze
66.6%
Volga
65.8%
Indus
57.6%
% Correct
Tiber
55.7%
Potomac
51.6%
Zambezi
45.7%
Ural
44%
Orinoco
39.8%
Huang He
26.2%
Limpopo
22%
Wabash
19.8%
Brahmaputra
18.8%
Fraser
17.4%
Xingu
6%
Karun
3.6%

You're not logged in!

Compare scores with friends on all Sporcle quizzes.
OR
Log In

From the Vault

Short-Named Celebrities

by BanjoZebra

It's easier to be famous when your name is short and easy to pronounce.
Remove Ads.
Support Sporcle.
Get the best of Sporcle when you Go Orange. This ad-free experience offers more features, more stats, and more fun while also helping to support Sporcle. Thank you for becoming a member.

Show Comments

Extras

Top Quizzes Today


Score Distribution

Your Account Isn't Verified!

In order to create a playlist on Sporcle, you need to verify the email address you used during registration. Go to your Sporcle Settings to finish the process.

Report this User

Report this user for behavior that violates our Community Guidelines.

Details: